000 01463nam a2200241 a 4500
008 070426s1998 ||||||||||||||||| || u
020 _a0582328810
050 _aG 155 Hol
100 _aHolloway, J. Chrsitopher
245 1 4 _aThe business of tourism
250 _a5th ed.
260 _aNew York
_bAddison-Wesley Longman
_c1998
300 _axii, 350p.: ill.
350 _a0.00
650 0 _aBUSINESS
650 _aTOURISM
995 _aMAIN LIBRARY OPEN ACCESS
_D0.00
_e737690
_FCBU-MAIN LIBRARY (Kitwe)
_H1
_I0.00
_jG 155 Hol.
_M3
_UAVAILABLE
_WApr 26, 2007
_y54899
_ZMain Library Open Access Collection
995 _aANNEX COLLECTION (Main Library)
_D0.00
_e737688
_FCBU-MAIN LIBRARY (Kitwe)
_H1
_I0.00
_jG 155 Hol.
_M4
_UAVAILABLE
_WApr 26, 2007
_y54908
_ZAnnex Low-Usage Collection
995 _aANNEX COLLECTION (Main Library)
_D0.00
_e737689
_FCBU-MAIN LIBRARY (Kitwe)
_H1
_I0.00
_jG 155 Hol.
_M2
_UAVAILABLE
_WApr 26, 2007
_y54898
_ZAnnex Low-Usage Collection
995 _aMAIN LIBRARY OPEN ACCESS
_D0.00
_e737687
_FCBU-MAIN LIBRARY (Kitwe)
_H1
_I0.00
_jG 155 Hol.
_M1
_UAVAILABLE
_WApr 26, 2007
_y54897
_ZMain Library Open Access Collection
995 _aANNEX COLLECTION (Main Library)
_D0.00
_e738831
_FCBU-MAIN LIBRARY (Kitwe)
_H1
_I0.00
_jG 155 HOL
_M5
_UAVAILABLE
_WOct 7, 2008
_y738831
_ZAnnex Low-Usage Collection
995 _aANNEX COLLECTION (Main Library)
_D0.00
_e738832
_FCBU-MAIN LIBRARY (Kitwe)
_H1
_I0.00
_jG 155 Hol.
_M2
_UAVAILABLE
_WOct 7, 2008
_y738832
_ZAnnex Low-Usage Collection
999 _c77926
_d77926